02075cam a2200541 i 4500001001200000003000600012005001700018008004100035020003700076035002200113035002300135040007600158045001700234046000900251245012300260246003000383246005100413250002200464260006000486300006000546336002700606336002700633337005400660338002800714380001600742380002800758388001000786500004100796610002000837610002900857610007400886610005700960648001901017648001901036648001501055650002801070650002001098651004001118651004201158655002001200655003901220658004801259658001301307700004601320700003601366710005501402730007601457xx004068600NUKAT20260324101519.0170713s2017 pl a c |010 0dpol c a9788365588401q(oprawa miękka) a(OCoLC)1000031657 a(NUKAT)xx004068600 aWR O/MBbpolerdacWR O/MBsdWR O/PCdWR O/MBdKR U/JAKsdOLSZT 008/bak2 bd1817bd2017 k201700a200 lat Ossolineum :b1817-2017 : wystawa jubileuszowa : informator /copracowanie Łukasz Koniarek, Marta Pękalska.30aDwieście lat Ossolineum14a200 lat Zakładu Narodowego im. Ossolińskich aWydanie pierwsze. aWrocław :bZakład Narodowy im. Ossolińskich,c2017. a79, [1] strona :bilustracje (w tym kolorowe) ;c23 cm. aTekstbtxt2rdacontent aObrazbsti2rdacontent aBez urządzenia pośredniczącegobn2rdamedia aWoluminbnc2rdacarrier aKsiążki aPublikacje informacyjne1 a2001- aWystawa w gmachu ZNiO we Wrocławiu.27aOssolineum2DBN27aOssolineum (Lwów)2DBN27aZakład Narodowy im. Ossolińskichxhistoriavkatalogi wystaw.2kaba27aZakład Narodowy im. Ossolińskichxrocznice.2kaba 7a1801-19002DBN 7a1901-20002DBN 7a2001-2DBN 7aBiblioteki naukowe2DBN 7aEdytorstwo2DBN 7aLwów (Ukraina, obw. lwowski)2DBN 7aWrocław (woj. dolnośląskie)2DBN 7aInformator2DBN 7aPublikacja bogato ilustrowana2DBN aBibliotekarstwo, archiwistyka, muzealnictwo aHistoria1 aKoniarek, Łukaszd(1967- ).eOpracowanie1 aPękalska, Marta.eOpracowanie2 aZakład Narodowy im. Ossolińskich.eWydawca4pbl0 aKatalog wystawy (Zakład Narodowy im. Ossolińskich ; Wrocław ; 2017)